On grammar

Gorde:
Xehetasun bibliografikoak
Egile nagusia: Halliday, Michael Alexander Kirkwood (Egilea)
Formatua: Liburua
Hizkuntza:ingelesa
Argitaratua: Londres Continuum 2002
Saila:Collected Works of M. A. K. Halliday, 1
Gaiak:
Etiketak: Etiketa erantsi
Etiketarik gabe, Izan zaitez lehena erregistro honi etiketa jartzen!

MARC

LEADER 00000nam a2200000 a 4500
001 UCM7437
003 CL-VaPUC
008 021220e20020000UK |||||||||||||||||eng|d
020 |a 0826449441 
082 0 4 |a 415  |b HAL  |2 21 
100 0 |a Halliday, Michael Alexander Kirkwood  |e author  |9 461646 
245 1 0 |a On grammar 
300 |a 442 p 
942 |c BK 
945 |d 20021220 00:00:00  |a cmena 
260 |a Londres  |b Continuum  |c 2002 
650 0 |a Gramática  |9 270497 
650 0 |a Filosofía del lenguaje  |9 257082 
650 7 |a ESTRUCTURA DEL LENGUAJE  |2 CL-VaPUC  |9 473005 
650 0 |a Investigación lingüística  |9 329785 
583 |a last modification  |c 20130419 09:02:23  |k Rodrigo Vera 
490 0 |a Collected Works of M. A. K. Halliday, 1 
999 |c 302229  |d 302227 
952 |0 0  |1 0  |4 0  |6 415_000000000000000_HAL_2002  |7 0  |8 A  |9 362356  |a FDOPOS  |b FDOPOS  |d 2019-11-21  |i 3870138  |o 415 HAL 2002  |p 3870138  |r 2025-01-22  |w 2019-11-21  |y BK  |k MLA 
952 |0 0  |1 0  |4 0  |6 415_000000000000000_HAL_2002  |7 0  |8 A  |9 362357  |a FDOPOS  |b FDOPOS  |d 2019-11-21  |i 3970019  |o 415 HAL 2002  |p 3970019  |r 2025-01-22  |w 2019-11-21  |y BK  |k MLA 
952 |0 0  |1 0  |4 0  |6 415_000000000000000_HAL_2002  |7 0  |8 A  |9 362358  |a BIBEDU  |b BIBEDU  |d 2019-11-21  |i 4258932  |o 415 HAL 2002  |p 4258932  |r 2019-11-21  |w 2019-11-21  |y BK  |k LIT 
952 |0 0  |1 0  |4 0  |6 415_000000000000000_HAL_2002  |7 0  |8 A  |9 362359  |a BIBEDU  |b BIBEDU  |d 2019-11-21  |i 4304683  |o 415 HAL 2002  |p 4304683  |r 2019-11-21  |w 2019-11-21  |y BK  |k LIT